Structured finance in Latin America channeling pension funds to housing, infrastructure, and small businesses

Salvato in:
Dettagli Bibliografici
Autore principale: Cheikhrouhou, Hela
Natura: Libro
Lingua:inglese
Pubblicazione: Washington, D.C. <The> World Bank 2007
Serie:Directions in development
Soggetti:
Tags: Aggiungi Tag
Nessun Tag, puoi essere il primo ad aggiungerne!!

MARC

LEADER 00000nam$a2200000$$$4500
001 0061446
005 20240315115727.3
020 |a 0-8213-7139-8 
020 |a 978-0-8213-7139-8 
041 0 |a eng 
044 |a US 
245 1 0 |a Structured finance in Latin America  |b channeling pension funds to housing, infrastructure, and small businesses  |c Hela Cheikhrouhou ... [et al.] 
264 1 |a Washington, D.C.  |b <The> World Bank  |c 2007 
300 |a 149 s. 
490 1 |a Directions in development 
830 0 |a Directions in development 
610 2 0 |a financie 
610 2 0 |a politika finančná 
610 2 0 |a podpory 
610 2 0 |a penzie 
610 2 0 |a bývanie 
610 2 0 |a infraštruktúra 
610 2 0 |a podnikanie malé 
610 2 0 |a investície 
610 2 0 |a riadenie 
610 2 0 |a výstavba bytová 
610 2 0 |a hypotéky 
610 2 0 |a trh kapitálový 
610 2 0 |a podnik malý 
610 2 0 |a podnik stredný 
610 2 0 |a trh finančný 
610 2 0 |a údaje štatistické 
610 2 0 |a Latinská Amerika 
100 1 |a Cheikhrouhou, Hela